| 000 -LEADER |
| fixed length control field |
00636cam a2200193 a 4500 |
| 020 ## - INTERNATIONAL STANDARD BOOK NUMBER |
| ISBN |
007135736X (acidfree paper) |
| 040 ## - CATALOGING SOURCE |
| Transcribing agency |
DLC |
| 082 00 - DEWEY DECIMAL CLASSIFICATION NUMBER |
| Classification number |
428 MCG 2000 A023 Or. |
| 100 1# - MAIN ENTRY--AUTHOR NAME |
| Personal name |
Magnan, Robert. |
| 245 10 - TITLE STATEMENT |
| Title |
1001 commonly misspelled words : |
| Remainder of title |
what your spell checker won't tell you / |
| 246 3# - VARYING FORM OF TITLE |
| Title proper/short title |
One thousand one commonly misspelled words |
| 246 3# - VARYING FORM OF TITLE |
| Title proper/short title |
One thousand and one commonly misspelled words |
| 260 ## - PUBLICATION, DISTRIBUTION, ETC. (IMPRINT) |
| Place of publication |
New York : |
| Name of publisher |
McGraw-Hill, |
| Year of publication |
c2000. |
| 300 ## - PHYSICAL DESCRIPTION |
| Number of Pages |
xv, 278 p. ; |
| Dimensions |
23 cm. |
| 650 #0 - SUBJECT ADDED ENTRY--TOPICAL TERM |
| Topical Term |
Spellers. |
| 700 1# - ADDED ENTRY--PERSONAL NAME |
| Personal name |
Santovec, Mary Lou, |
| 856 42 - ELECTRONIC LOCATION AND ACCESS |
| Uniform Resource Identifier |
http://www.loc.gov/catdir/bios/mh041/00708940.html |
| 942 ## - ADDED ENTRY ELEMENTS (KOHA) |
| Koha item type |
សៀវភៅភាសាអង់គ្លេស |
| 952 ## - LOCATION AND ITEM INFORMATION (KOHA) |
| Withdrawn status [LOCAL, KOHA] |
0 |